| 000 | 00380nam a22001337a 4500 | ||
|---|---|---|---|
| 040 | _cSINES-NUST. | ||
| 082 |
_a547.12 _bUSM |
||
| 100 |
_aMian Muhammad Usman. _9111743 |
||
| 245 |
_aTextbook of Chemistry Grade 12 / _cUsman, Mian Muhammad. |
||
| 260 |
_aIslamabad: _bMaryah Printer, _c2015. |
||
| 300 |
_a300 p.: _bill. ; |
||
| 650 |
_xChemistry Grade 12 _9111744 |
||
| 942 |
_2ddc _cBK |
||
| 999 |
_c594434 _d594434 |
||